| 000 | 00658nam a2200217Ii 4500 | ||
|---|---|---|---|
| 003 | JO-AjNU | ||
| 008 | 230605s9999||||xx |||||||||||||| ||und|| | ||
| 017 | _a2004/11/2678 | ||
| 040 |
_aJO-AjNU _bara _erda _cJO-AjNU |
||
| 041 | _aara | ||
| 050 | 1 | 4 | _aPJ7805.8 2005 |
| 100 | 3 |
_aتأليف عبده،خالد فوزي, _eauthor _924099 |
|
| 245 | 0 | 0 | _aعندما ينزف الشعر |
| 250 | _aط1 | ||
| 264 | 3 | 1 | _aعمان:دار الكرمل،2004 |
| 300 | _a149ص | ||
| 336 |
_atext _btxt _2rdacontent |
||
| 337 |
_aunmediated _bn _2rdamedia |
||
| 338 |
_avolume _bnc _2rdacarrier |
||
| 650 | 4 |
_aالشعر العربي - العصر الحديث _924100 |
|
| 999 |
_aA8821 _c12389 _d12389 |
||